[Event "RSA-ch U08"]
[Site "Waterkloof"]
[Date "2015.04.04"]
[Round "2"]
[White "Scheffer, Lourens"]
[Black "Bester, Ethan"]
[Result "0-1"]
[WhiteElo "734"]
[BlackElo "837"]
[PlyCount "44"]
[EventDate "2015.04.04"]
[EventType "swiss"]
[EventRounds "9"]
[EventCountry "RSA"]
[SourceTitle "CBM 166 Extra"]
[Source "ChessBase"]
[SourceDate "2015.06.18"]
[SourceVersion "1"]
[SourceVersionDate "2015.06.18"]
[SourceQuality "1"]

1. e4 e5 2. Nf3 Nc6 3. Nc3 Bc5 4. Bc4 d6 5. h3 Nf6 6. Rg1 Be6 7. Bb5 0-0 8. d3 Nd4 9. Bg5 c6 10. Bxf6 Qxf6 11. Ba4 d5 12. exd5 cxd5 13. Qd2 Nc6 14. Nb5 Rac8 15. Qc1 a6 16. Nc3 Nd4 17. Ng5 Nc6 18. Ne2 Qxf2+ 19. Kd2 Be3+ 20. Kc3 Bxc1 21. Raxc1 Qxe2 22. Rce1 d4# 0-1